Geology of the Lunar Crater volcanic field, Nye County, Nevada /

Bibliographic Details
Main Authors: Scott, David Holcomb, 1916-, Trask, N. J. (Newell Jefferson) (Author)
Corporate Author: United States. National Aeronautics and Space Administration
Format: Government Document Book
Language:English
Published: Washington : U.S. Govt. Print. Off, 1971.
Series:Contributions to astrogeology.
Geological Survey professional paper ; 599-I.
Subjects:

MARC

Tag First Indicator Second Indicator Subfields
LEADER 00000cam a2200000 4500
001 in00002785730
005 20151202171710.0
008 720202s1971 dcua 000 0 eng
010 |a  77611770  
035 |a (OCoLC)ocm00247565 
035 |a (OCoLC)247565 
040 |a DLC  |b eng  |c DLC  |d OCLCQ  |d BTCTA  |d OCLCG  |d UtOrBLW 
043 |a n-us-nv 
049 |a TXAM 
050 0 0 |a QE75  |b .P9 no. 599-I 
051 |a QE524  |b .S34  |c Copy 2. 
082 0 0 |a 551 s  |a 559.9/1 
086 0 |a I 19.16.599-I 
100 1 |a Scott, David Holcomb,  |d 1916- 
245 1 0 |a Geology of the Lunar Crater volcanic field, Nye County, Nevada /  |c by David H. Scott and N.J. Trask. 
264 1 |a Washington :  |b U.S. Govt. Print. Off,  |c 1971. 
300 |a iii, 22 pages :  |b illustrations ;  |c 30 cm. 
336 |a text  |b txt  |2 rdacontent 
337 |a unmediated  |b n  |2 rdamedia 
338 |a volume  |b nc  |2 rdacarrier 
490 1 |a Contributions to astrogeology 
490 1 |a Geological Survey professional paper 599-I 
500 |a Part of illustrative matter in pocket. 
500 |a "Prepared on behalf of the National Aeronautics and Space Administration." 
650 0 |a Volcanism  |z Nevada  |z Nye Co. 
650 0 |a Lunar craters. 
700 1 |a Trask, N. J.  |q (Newell Jefferson),  |e author. 
710 1 |a United States.  |b National Aeronautics and Space Administration. 
830 0 |a Contributions to astrogeology. 
830 0 |a Geological Survey professional paper ;  |v 599-I. 
948 |a cataloged  |b h  |c 2012/12/6  |d c  |e mvaldespin  |f 02:55:45 pm 
994 |a C0  |b TXA 
999 |a MARS 
999 f f |s ba3b23a0-6773-3c12-965f-268690bdb4f2  |i ef764053-6590-3aaf-b005-2754de2039bd  |t 0 
952 f f |p normal  |a Texas A&M University  |b College Station  |c Sterling C. Evans Library  |d Evans: US Documents (Annex 5th floor)  |t 0  |e I 19.16:599-A-J  |h Superintendent of Documents classification  |i unmediated -- volume  |m A14839368212 
952 f f |a Texas A&M University  |b College Station  |c Sterling C. Evans Library  |d Evans: US Documents (Annex 5th floor)  |t 0  |e I 19.16:599-A-J  |h Superintendent of Documents classification 
998 f f |a I 19.16:599-A-J  |t 0  |l Evans: US Documents (Annex 5th floor)